Normal view
MARC view
Entry Personal Name
001 - CONTROL NUMBER
- control field: 824419
003 - CONTROL NUMBER IDENTIFIER
- control field: OSt
005 - DATE AND TIME OF LATEST TRANSACTION
- control field: 20250923144406.0
008 - FIXED-LENGTH DATA ELEMENTS
- fixed length control field: 250923|| aca||aabn | a|a d
040 ## - CATALOGING SOURCE
- Original cataloging agency: OSt
- Transcribing agency: OSt
100 ## - HEADING--PERSONAL NAME
- Personal name: Dashpande, S.R
670 ## - SOURCE DATA FOUND
- Source citation: Work cat.: (OSt)1438273: Dashpande, S.R , Repoart on an inquary into condation of labour in the coal mining industry in India, 1946
